[Event "Sofia Accedia op"]
[Site "Sofia"]
[Date "2023.03.25"]
[Round "5"]
[White "Dimitrov, Alexander"]
[Black "Kanazirev, Pavel"]
[Result "0-1"]
[WhiteElo "2023"]
[BlackElo "2114"]
[PlyCount "79"]
[EventDate "2023.03.25"]
[EventType "swiss"]
[EventRounds "9"]
[EventCountry "BUL"]
[SourceTitle "CBM 213 Extra"]
[Source "ChessBase"]
[SourceDate "2023.05.31"]
[SourceVersion "1"]
[SourceVersionDate "2023.05.31"]
[SourceQuality "1"]

1. e4 c5 2. b4 cxb4 3. a3 e5 4. Nf3 Nc6 5. Bb2 Qc7 6. Bc4 Nf6 7. Ng5 Nd8 8. d3 Be7 9. 0-0 0-0 10. axb4 Bxb4 11. f4 d6 12. fxe5 dxe5 13. Nd2 h6 14. Ngf3 Nc6 15. Nh4 b5 16. Ba2 Bc5+ 17. Kh1 Ng4 18. Ng6 Ne3 19. Qh5 Nxf1 20. Rxf1 Be6 21. Bxe6 fxe6 22. Nxf8 Rxf8 23. Rxf8+ Bxf8 24. Nf3 Qf7 25. Qxf7+ Kxf7 26. Nxe5+ Nxe5 27. Bxe5 a5 28. Kg1 a4 29. Kf1 Be7 30. Ba1 Bd6 31. h3 Bf4 32. Ke2 a3 33. Kd1 e5 34. c3 Kg6 35. Kc2 Kg5 36. Kb3 Kh4 37. Kxa3 Kg3 38. Kb4 Kxg2 39. Kxb5 Kxh3 40. c4 0-1

[Event "Sofia MGU op 126th"]
[Site "Sofia"]
[Date "2014.11.22"]
[Round "3"]
[White "Dimitrov, Alexander"]
[Black "Kostov, Nikolai"]
[Result "1-0"]
[WhiteElo "2010"]
[BlackElo "1908"]
[PlyCount "69"]
[EventDate "2014.11.22"]
[EventType "swiss"]
[EventRounds "6"]
[EventCountry "BUL"]
[SourceTitle "CBM 163 Extra"]
[Source "ChessBase"]
[SourceDate "2014.12.23"]
[SourceVersion "1"]
[SourceVersionDate "2014.12.23"]
[SourceQuality "1"]

1. d4 Nf6 2. Bg5 d5 3. e3 e6 4. Nf3 c5 5. c3 Nbd7 6. Bd3 Qb6 7. Qc2 c4 8. Be2 h6 9. Bh4 Be7 10. Nbd2 Qd8 11. b3 cxb3 12. axb3 b6 13. 0-0 Bb7 14. Ra2 0-0 15. b4 Ne4 16. Bxe7 Qxe7 17. Rfa1 a6 18. Bxa6 Nxd2 19. Nxd2 Bxa6 20. Rxa6 Rxa6 21. Rxa6 Rc8 22. Qb3 Qd6 23. h3 e5 24. Ra7 exd4 25. exd4 Nf6 26. Ra3 Qf4 27. Qd1 Ne4 28. Nxe4 Qxe4 29. Qf3 Qe6 30. Ra7 Qe1+ 31. Kh2 Qe6 32. Ra2 Qd6+ 33. g3 Qc6 34. Re2 Qxc3 35. Re8+ 1-0

[Event "Sofia MGU op 126th"]
[Site "Sofia"]
[Date "2014.11.22"]
[Round "2"]
[White "Metev, Martin"]
[Black "Dimitrov, Alexander"]
[Result "1-0"]
[WhiteElo "1983"]
[BlackElo "2010"]
[PlyCount "53"]
[EventDate "2014.11.22"]
[EventType "swiss"]
[EventRounds "6"]
[EventCountry "BUL"]
[SourceTitle "CBM 163 Extra"]
[Source "ChessBase"]
[SourceDate "2014.12.23"]
[SourceVersion "1"]
[SourceVersionDate "2014.12.23"]
[SourceQuality "1"]

1. e4 c5 2. Nf3 e6 3. d4 cxd4 4. Nxd4 Nf6 5. Nc3 Nc6 6. Nb3 Bb4 7. Bd3 d5 8. exd5 Nxd5 9. Bd2 Nxc3 10. bxc3 Be7 11. 0-0 Qc7 12. Nd4 Bf6 13. Nb5 Qb8 14. Be3 0-0 15. Bc5 Rd8 16. Bd6 Rxd6 17. Nxd6 Bxc3 18. Rb1 Be5 19. Bxh7+ Kxh7 20. Qh5+ Kg8 21. Qxf7+ Kh7 22. Rb3 Bxh2+ 23. Kh1 e5 24. Nxc8 Qxc8 25. Rh3+ Qxh3 26. gxh3 Bf4 27. Qxb7 1-0

[Event "Sofia MGU op 81st"]
[Site "Sofia"]
[Date "2013.03.30"]
[Round "3"]
[White "Dimitrov, Alexander"]
[Black "Kristiansen, Jens"]
[Result "1/2-1/2"]
[WhiteElo "2010"]
[BlackElo "2439"]
[PlyCount "57"]
[EventDate "2013.03.30"]
[EventType "swiss"]
[EventRounds "6"]
[EventCountry "BUL"]
[SourceTitle "CBM 153 Extra"]
[Source "ChessBase"]
[SourceDate "2013.04.22"]
[SourceVersion "1"]
[SourceVersionDate "2013.04.22"]
[SourceQuality "1"]

1. e4 c5 2. Nf3 g6 3. d4 cxd4 4. Nxd4 Bg7 5. Nc3 Nc6 6. Nxc6 bxc6 7. Bc4 d6 8. Qf3 Nf6 9. e5 dxe5 10. Qxc6+ Bd7 11. Qf3 0-0 12. 0-0 Qc7 13. Bb3 Bc6 14. Qe2 Nh5 15. Qc4 Qb7 16. f3 Rac8 17. Qh4 Rcd8 18. Bg5 Rd4 19. Qf2 Rfd8 20. Be3 R4d7 21. Rad1 Nf4 22. Bxa7 Bxf3 23. Rxd7 Rxd7 24. Qxf3 Qxa7+ 25. Kh1 e6 26. g3 Nh5 27. Ne4 h6 28. Rf2 Kh7 29. Kg2 1/2-1/2

[Event "Sofia MGU op 24th"]
[Site "Sofia"]
[Date "2011.01.30"]
[Round "6"]
[White "Dimitrov, Alexander"]
[Black "Petrov, Vladimir Sergeev"]
[Result "1/2-1/2"]
[WhiteElo "2004"]
[BlackElo "1786"]
[PlyCount "54"]
[EventDate "2011.01.29"]
[EventType "swiss"]
[EventRounds "6"]
[EventCountry "BUL"]
[SourceTitle "CBM 140 Extra"]
[Source "ChessBase"]
[SourceDate "2011.03.01"]
[SourceVersion "1"]
[SourceVersionDate "2011.03.01"]
[SourceQuality "1"]

1. d4 Nf6 2. Bg5 d5 3. Bxf6 exf6 4. g3 Bd6 5. Bg2 0-0 6. e3 c6 7. Ne2 Re8 8. 0-0 Bf5 9. Nd2 Nd7 10. c4 Be6 11. c5 Bc7 12. b4 a6 13. Qb3 Nf8 14. a4 Qd7 15. Rfc1 Bh3 16. Bh1 Ng6 17. Nc3 Qg4 18. Qd1 Qg5 19. e4 Rad8 20. exd5 cxd5 21. Nf3 Qh5 22. Ne1 Qg5 23. Qb3 Nf4 24. Nf3 Qg4 25. Re1 Re6 26. Qc2 Rde8 27. Qd2 h5 1/2-1/2

[Event "Sofia MGU op 24th"]
[Site "Sofia"]
[Date "2011.01.29"]
[Round "3"]
[White "Karastoyanov, Mihail"]
[Black "Dimitrov, Alexander"]
[Result "1/2-1/2"]
[WhiteElo "2049"]
[BlackElo "2004"]
[PlyCount "157"]
[EventDate "2011.01.29"]
[EventType "swiss"]
[EventRounds "6"]
[EventCountry "BUL"]
[SourceTitle "CBM 140 Extra"]
[Source "ChessBase"]
[SourceDate "2011.03.01"]
[SourceVersion "1"]
[SourceVersionDate "2011.03.01"]
[SourceQuality "1"]

1. e4 e5 2. Nf3 Nc6 3. Bc4 d6 4. c3 Nf6 5. d3 Be7 6. 0-0 0-0 7. Bb3 Bg4 8. h3 Bh5 9. Re1 h6 10. Nbd2 Nh7 11. Nf1 Ng5 12. Bxg5 Bxg5 13. Ng3 Bg6 14. Qe2 Qf6 15. Nxg5 Qxg5 16. Rad1 h5 17. Qe3 Qxe3 18. Rxe3 h4 19. Nf5 Bxf5 20. exf5 Ne7 21. Rf3 Kh7 22. Re1 g5 23. fxg6+ fxg6 24. Rxf8 Rxf8 25. d4 Rf5 26. dxe5 Rxe5 27. Rxe5 dxe5 28. Kf1 g5 29. Ke2 Kg6 30. Kf3 Nc8 31. Ke4 Kf6 32. Kd5 Nb6+ 33. Ke4 Nd7 34. Bc2 Ke6 35. Bb3+ Kf6 36. Bc2 c6 37. b4 Nb6 38. Bb3 Nc8 39. a4 Nd6+ 40. Ke3 b6 41. f3 Nf5+ 42. Ke4 Ng3+ 43. Ke3 Nh5 44. Bc2 Nf4 45. Kf2 Ke6 46. c4 a5 47. b5 cxb5 48. cxb5 Kd5 49. Bf5 Kd4 50. g3 Nd5 51. Be4 Ne3 52. gxh4 gxh4 53. Ke2 Nc4 54. Bc2 Kc3 55. Bb1 Kb3 56. Kd3 Na3 57. Ke4 Nxb1 58. Kxe5 Nc3 59. f4 Kc4 60. f5 Nd5 61. Kd6 Kd4 62. Kc6 Ke5 63. f6 Nxf6 64. Kxb6 Kd6 65. Kxa5 Nd5 66. Ka6 Kc5 67. Kb7 Nc3 68. a5 Kxb5 69. a6 Na4 70. a7 Nb6 71. Kc7 Kc5 72. Kb7 Kb5 73. Kc7 Ka6 74. a8Q+ Nxa8+ 75. Kd6 Kb6 76. Ke5 Kc5 77. Kf4 Kd4 78. Kg4 Ke5 79. Kxh4 1/2-1/2

[Event "Sofia MGU op 22nd"]
[Site "Sofia"]
[Date "2011.01.16"]
[Round "4"]
[White "Dimitrov, Alexander"]
[Black "Spasov, Ivaylo"]
[Result "1-0"]
[WhiteElo "2004"]
[BlackElo "1811"]
[PlyCount "65"]
[EventDate "2011.01.15"]
[EventType "swiss"]
[EventRounds "6"]
[EventCountry "BUL"]
[SourceTitle "CBM 140 Extra"]
[Source "ChessBase"]
[SourceDate "2011.03.01"]
[SourceVersion "1"]
[SourceVersionDate "2011.03.01"]
[SourceQuality "1"]

1. e4 e5 2. Nf3 Nc6 3. d4 exd4 4. Bc4 Nf6 5. e5 d5 6. Bb5 Ne4 7. Nxd4 Bd7 8. Bxc6 bxc6 9. 0-0 Bc5 10. f3 Ng5 11. f4 Ne6 12. Be3 0-0 13. c3 f6 14. Kh1 Bxd4 15. cxd4 f5 16. Nc3 Kh8 17. Na4 g5 18. Qd2 g4 19. Rfc1 Rg8 20. Nc5 Nxc5 21. Rxc5 Rg6 22. Bf2 Rb8 23. Rac1 Rb6 24. b3 Rh6 25. Ra5 Qg8 26. Qe1 a6 27. Bh4 Qg6 28. Bg5 Rh5 29. Qe3 Be6 30. Rac5 Qe8 31. Kg1 h6 32. Bf6+ Kh7 33. a4 1-0

[Event "Sofia MGU op 22nd"]
[Site "Sofia"]
[Date "2011.01.15"]
[Round "2"]
[White "Dimitrov, Alexander"]
[Black "Tsyntsarski, Boyko"]
[Result "1-0"]
[WhiteElo "2004"]
[BlackElo "1732"]
[PlyCount "65"]
[EventDate "2011.01.15"]
[EventType "swiss"]
[EventRounds "6"]
[EventCountry "BUL"]
[SourceTitle "CBM 140 Extra"]
[Source "ChessBase"]
[SourceDate "2011.03.01"]
[SourceVersion "1"]
[SourceVersionDate "2011.03.01"]
[SourceQuality "1"]

1. e4 c5 2. Nf3 d6 3. d4 cxd4 4. Nxd4 Nf6 5. Nc3 g6 6. Be3 Bg7 7. f3 0-0 8. Qd2 Nc6 9. 0-0-0 d5 10. Nxc6 bxc6 11. exd5 Nxd5 12. Nxd5 cxd5 13. Qxd5 Qc7 14. Bd3 Be6 15. Qc5 Qxc5 16. Bxc5 Bxa2 17. c3 Rab8 18. Rhe1 Rfc8 19. Bxa7 Ra8 20. Be3 Bb3 21. Bc2 Bxc3 22. bxc3 Rxc3 23. Kb2 Rxc2+ 24. Kxb3 Rxg2 25. Rd2 Rxd2 26. Bxd2 Rd8 27. Kc2 Rd7 28. Bb4 Kf8 29. Rd1 Rc7+ 30. Kd3 f6 31. Ke3 Kf7 32. Ra1 Rb7 33. Bc3 1-0

[Event "Sofia MGU op 22nd"]
[Site "Sofia"]
[Date "2011.01.15"]
[Round "3"]
[White "Sisoev, Robert"]
[Black "Dimitrov, Alexander"]
[Result "0-1"]
[WhiteElo "1615"]
[BlackElo "2004"]
[PlyCount "96"]
[EventDate "2011.01.15"]
[EventType "swiss"]
[EventRounds "6"]
[EventCountry "BUL"]
[SourceTitle "CBM 140 Extra"]
[Source "ChessBase"]
[SourceDate "2011.03.01"]
[SourceVersion "1"]
[SourceVersionDate "2011.03.01"]
[SourceQuality "1"]

1. e4 e5 2. Nf3 Nc6 3. d4 exd4 4. Nxd4 Qh4 5. Nb5 Qxe4+ 6. Be2 Bb4+ 7. Bd2 Kd8 8. 0-0 Bxd2 9. Nxd2 Qe7 10. Nb3 Nf6 11. Re1 Re8 12. Bc4 Qxe1+ 13. Qxe1 Rxe1+ 14. Rxe1 d5 15. Bxd5 Nxd5 16. Rd1 Nce7 17. c4 c6 18. Nc3 Be6 19. cxd5 Bxd5 20. Nxd5 Nxd5 21. Nd4 g6 22. Nb5 Ke7 23. Re1+ Kd7 24. Rd1 Rd8 25. Nc3 Kc7 26. Nxd5+ Rxd5 27. Rb1 Rd2 28. g3 h5 29. a3 Kd6 30. h3 Kc5 31. b4+ Kc4 32. Re1 Rd7 33. Re3 b6 34. Rf3 c5 35. bxc5 bxc5 36. g4 hxg4 37. hxg4 Kd4 38. Kf1 Re7 39. Rh3 c4 40. Rh8 c3 41. Rc8 Kd3 42. Rd8+ Kc2 43. a4 Kb3 44. Rc8 Re4 45. Rc7 c2 46. Rb7+ Kc3 47. Kg2 c1Q 48. Rc7+ Rc4 0-1

[Event "Sofia Baharov Memorial 18th"]
[Site "Sofia"]
[Date "2010.11.28"]
[Round "6"]
[White "Dragieva, Denitza"]
[Black "Dimitrov, Alexander"]
[Result "1-0"]
[WhiteElo "1847"]
[BlackElo "2009"]
[PlyCount "90"]
[EventDate "2010.11.25"]
[EventType "swiss"]
[EventRounds "7"]
[EventCountry "BUL"]
[SourceTitle "CBM 139 Extra"]
[Source "ChessBase"]
[SourceDate "2011.01.05"]
[SourceVersion "1"]
[SourceVersionDate "2011.01.05"]
[SourceQuality "1"]

1. d4 Nf6 2. Nf3 g6 3. Bg5 Bg7 4. Nbd2 d5 5. e3 0-0 6. Be2 h6 7. Bh4 Bf5 8. 0-0 Nbd7 9. c4 c6 10. Qb3 Qb6 11. c5 Qc7 12. Bg3 Qc8 13. h3 Ne4 14. Nxe4 Bxe4 15. Rac1 Bxf3 16. Bxf3 e5 17. Rfd1 f5 18. dxe5 Bxe5 19. Bxd5+ cxd5 20. Qxd5+ Rf7 21. Bxe5 Qe8 22. Bc3 Kh7 23. b4 Rc8 24. Bb2 Nf8 25. Qe5 Ne6 26. Rd6 Rc6 27. Rcd1 Re7 28. Qf6 Rf7 29. Qxf7+ Qxf7 30. Rd7 Rc7 31. Rxf7+ Rxf7 32. Rd6 Nc7 33. h4 Ne8 34. Rd8 Re7 35. b5 Kg8 36. c6 Kf7 37. Rd7 bxc6 38. bxc6 Ke6 39. Rxe7+ Kxe7 40. Be5 Nd6 41. f3 Nc4 42. Bf4 g5 43. hxg5 hxg5 44. Bxg5+ Kd6 45. Kf2 Kxc6 1-0

[Event "Sofia MGU op 12th"]
[Site "Sofia"]
[Date "2010.07.24"]
[Round "2"]
[White "Hristov, Kaloyan Vihrenov"]
[Black "Dimitrov, Alexander"]
[Result "0-1"]
[WhiteElo "1576"]
[BlackElo "2009"]
[PlyCount "44"]
[EventDate "2010.07.24"]
[EventType "swiss"]
[EventRounds "6"]
[EventCountry "BUL"]
[SourceTitle "CBM 137 Extra"]
[Source "ChessBase"]
[SourceDate "2010.09.01"]
[SourceVersion "1"]
[SourceVersionDate "2010.09.01"]
[SourceQuality "1"]

1. d4 Nf6 2. Nc3 d6 3. e4 e5 4. dxe5 dxe5 5. Qxd8+ Kxd8 6. Bg5 Be6 7. 0-0-0+ Nbd7 8. f4 exf4 9. e5 h6 10. Bxf4 Ng4 11. Nh3 g5 12. Bg3 Bg7 13. Be2 Ngxe5 14. Nf2 f5 15. Nd3 Nxd3+ 16. Rxd3 f4 17. Bf2 c6 18. Rhd1 Kc7 19. Rd6 Rhe8 20. Bc4 Bf5 21. h3 Nb6 22. Bb3 Rad8 0-1

[Event "Sofia MGU op 11th"]
[Site "Sofia"]
[Date "2010.07.17"]
[Round "3"]
[White "Ninov, Dayan"]
[Black "Dimitrov, Alexander"]
[Result "1/2-1/2"]
[WhiteElo "2020"]
[BlackElo "2009"]
[PlyCount "76"]
[EventDate "2010.07.17"]
[EventType "swiss"]
[EventRounds "6"]
[EventCountry "BUL"]
[SourceTitle "CBM 137 Extra"]
[Source "ChessBase"]
[SourceDate "2010.09.01"]
[SourceVersion "1"]
[SourceVersionDate "2010.09.01"]
[SourceQuality "1"]

1. d4 Nf6 2. c4 g6 3. Nc3 Bg7 4. e4 0-0 5. Be2 d6 6. Bg5 h6 7. Be3 e5 8. d5 c6 9. Qd2 cxd5 10. cxd5 Kh7 11. f3 Nh5 12. Bd1 Na6 13. Nge2 f5 14. Bc2 f4 15. Bf2 Nc7 16. a4 a5 17. Nc1 Na6 18. N1a2 Bf6 19. Nb5 Bh4 20. Nc1 Bxf2+ 21. Qxf2 Nc5 22. Nd3 b6 23. Nxc5 bxc5 24. Bd3 Qf6 25. Kd2 g5 26. Be2 Rb8 27. Kc3 Ba6 28. b3 Bxb5 29. axb5 Ra8 30. Ra4 Rfb8 31. Rha1 Qd8 32. Bc4 Rb7 33. Kc2 Nf6 34. g4 h5 35. h3 Kg6 36. Qe1 Rba7 37. Qd2 Qe7 38. Qg2 h4 1/2-1/2

[Event "Sofia MGU op 08th"]
[Site "Sofia"]
[Date "2010.06.05"]
[Round "2"]
[White "Galunova, Tsveta"]
[Black "Dimitrov, Alexander"]
[Result "1-0"]
[WhiteElo "1969"]
[BlackElo "1995"]
[PlyCount "51"]
[EventDate "2010.06.05"]
[EventType "swiss"]
[EventRounds "6"]
[EventCountry "BUL"]
[SourceTitle "CBM 136 Extra"]
[Source "ChessBase"]
[SourceDate "2010.07.02"]
[SourceVersion "2"]
[SourceVersionDate "2010.07.15"]
[SourceQuality "1"]

1. e4 e5 2. Nf3 Nc6 3. Bc4 d6 4. 0-0 Na5 5. Bb5+ c6 6. Be2 b5 7. d4 Qc7 8. d5 a6 9. b4 Nc4 10. a4 cxd5 11. axb5 dxe4 12. Qd5 Nb6 13. Qxe4 Bb7 14. Qe3 Nd5 15. Qb3 axb5 16. Bxb5+ Ke7 17. Rxa8 Bxa8 18. c4 Qb8 19. Nd4 exd4 20. Re1+ Ne3 21. Bxe3 dxe3 22. Rxe3+ Kf6 23. Qc3+ Kf5 24. Bd7+ Kf4 25. Qd4+ Kg5 26. Qg4+ 1-0

[Event "Sofia MGU op 07th"]
[Site "Sofia"]
[Date "2010.05.29"]
[Round "2"]
[White "Dimitrov, Alexander"]
[Black "Kostov, Nikolai"]
[Result "1-0"]
[WhiteElo "1995"]
[BlackElo "1984"]
[PlyCount "59"]
[EventDate "2010.05.29"]
[EventType "swiss"]
[EventRounds "6"]
[EventCountry "BUL"]
[SourceTitle "CBM 136 Extra"]
[Source "ChessBase"]
[SourceDate "2010.07.02"]
[SourceVersion "2"]
[SourceVersionDate "2010.07.15"]
[SourceQuality "1"]

1. e4 e5 2. Nf3 Nc6 3. d4 exd4 4. Bc4 Nf6 5. e5 d5 6. Bb5 Ne4 7. Nxd4 Bd7 8. Bxc6 bxc6 9. 0-0 Bc5 10. f3 Ng5 11. f4 Ne6 12. Be3 Nxd4 13. Bxd4 Qe7 14. c3 Bf5 15. b4 Bxd4+ 16. Qxd4 0-0 17. Nd2 a5 18. Nb3 axb4 19. cxb4 Ra3 20. Rfc1 Rfa8 21. Na5 Qd7 22. Nxc6 Rxa2 23. Rxa2 Rxa2 24. Qxd5 Qxd5 25. Ne7+ Kf8 26. Nxd5 Be4 27. Ne3 c6 28. Rc4 Ra1+ 29. Kf2 Bd3 30. Rxc6 1-0

[Event "Sofia Asenova&Ivanova Memorial"]
[Site "Sofia"]
[Date "2010.04.23"]
[Round "4"]
[White "Dimitrov, Alexander"]
[Black "Genov, Petar"]
[Result "0-1"]
[WhiteElo "1995"]
[BlackElo "2452"]
[PlyCount "52"]
[EventDate "2010.04.21"]
[EventType "swiss"]
[EventRounds "9"]
[EventCountry "BUL"]
[SourceTitle "CBM 135 Extra"]
[Source "ChessBase"]
[SourceDate "2010.05.04"]
[SourceVersion "1"]
[SourceVersionDate "2010.05.04"]
[SourceQuality "1"]

1. f4 d5 2. Nf3 c5 3. c4 Nf6 4. g3 Nc6 5. Bg2 g6 6. Ne5 Bg7 7. Nxc6 bxc6 8. 0-0 0-0 9. d3 e5 10. e3 exf4 11. exf4 Ng4 12. Bf3 Bd4+ 13. Kg2 Bxb2 14. Bxg4 Bxg4 15. Qxg4 f5 16. Qe2 Bxa1 17. Qe6+ Rf7 18. Qxc6 Rc8 19. Qa4 Qd7 20. Qc2 Re7 21. Nc3 Bxc3 22. Qxc3 Re2+ 23. Rf2 d4 24. Qb3 Qc6+ 25. Kf1 Rce8 26. Rxe2 Qh1+ 0-1